| 000 | 00487nam a2200133Ia 4500 | ||
|---|---|---|---|
| 008 | 220216s9999 xx 000 0 und d | ||
| 100 | _aYaohua H | ||
| 245 | 0 | _aStudy on new growth in relation to increase and decrease of storage matter in Hevea body during the development of its first leaf storey | |
| 260 | _bProceedings of the IRRDB Symposium: Rubber Physiology and Exploitation, China, 1986; p193-208 | ||
| 650 | _aGrowth | ||
| 650 | _aHevea | ||
| 700 | _aHaisheng X | ||
| 942 | _cJS | ||
| 999 |
_c69840 _d69840 |
||